Gains in efficiency from joint estimation of systems of autoregressive-moving average processes (Registro nro. 26069)
[ vista simple ]
| 000 -LEADER | |
|---|---|
| fixed length control field | 00385 a2200109 4500 |
| 001 - CONTROL NUMBER | |
| control field | ART_12077 |
| 005 - DATE AND TIME OF LATEST TRANSACTION | |
| control field | 20260410161903.0 |
| 008 - FIXED-LENGTH DATA ELEMENTS--GENERAL INFORMATION | |
| fixed length control field | 260409a |
| 100 1# - MAIN ENTRY--PERSONAL NAME | |
| Personal name | Nelson, Charles R. |
| 245 10 - TITLE STATEMENT | |
| Title | Gains in efficiency from joint estimation of systems of autoregressive-moving average processes |
| 773 0# - HOST ITEM ENTRY | |
| Title | Journal of econometrics |
| Related parts | - Vol. 4, Nº 4 (nov. 1976) |
| Record control number | REV11720 |
No hay ítems disponibles.